The Illustrated tale of Genji : A classic Japanese romance
Tallennettuna:
| Päätekijä: | |
|---|---|
| Aineistotyyppi: | Kirja |
| Kieli: | Undetermined |
| Julkaistu: |
Japan
Shinjinbutsu Orai, Inc.
1989
|
| Aiheet: | |
| Tagit: |
Lisää tagi
Ei tageja, Lisää ensimmäinen tagi!
|
| Thư viện lưu trữ: | Trung tâm Học liệu Trường Đại học Cần Thơ |
|---|
| LEADER | 00563nam a2200217Ia 4500 | ||
|---|---|---|---|
| 001 | CTU_114264 | ||
| 008 | 210402s9999 xx 000 0 und d | ||
| 082 | |a 895.631 | ||
| 082 | |b S555 | ||
| 100 | |a Shikibu, Murasaki | ||
| 245 | 4 | |a The Illustrated tale of Genji : | |
| 245 | 2 | |b A classic Japanese romance | |
| 245 | 0 | |c Murasaki Shikibu | |
| 260 | |a Japan | ||
| 260 | |b Shinjinbutsu Orai, Inc. | ||
| 260 | |c 1989 | ||
| 650 | |a Japan | ||
| 650 | |x Fiction | ||
| 904 | |i M.Loan | ||
| 910 | |a M.Loan | ||
| 980 | |a Trung tâm Học liệu Trường Đại học Cần Thơ | ||